[Event "Leiden LCT op-A 11th"]
[Site "Leiden"]
[Date "2017.07.20"]
[Round "6"]
[White "Stubberud, Ornulf A"]
[Black "Hagen, Brede Andre Larsen"]
[Result "1/2-1/2"]
[WhiteElo "2248"]
[BlackElo "2082"]
[PlyCount "67"]
[EventDate "2017.07.14"]
[EventType "swiss"]
[EventRounds "9"]
[EventCountry "NED"]
[SourceTitle "EXT 2018"]
[Source "ChessBase"]
[SourceDate "2017.10.13"]
[SourceVersion "1"]
[SourceVersionDate "2017.10.13"]
[SourceQuality "1"]

1. c4 Nf6 2. g3 g6 3. Bg2 Bg7 4. Nc3 c5 5. e3 0-0 6. Nge2 Nc6 7. d4 d6 8. h3 Bd7 9. 0-0 a6 10. b3 Rb8 11. Bb2 b5 12. cxb5 axb5 13. Qd2 Qb6 14. Kh2 Rfc8 15. Rfd1 Na5 16. Nf4 c4 17. Ncd5 Nxd5 18. Nxd5 Qd8 19. Nxe7+ Qxe7 20. Qxa5 Bc6 21. Bxc6 Rxc6 22. Qb4 Qc7 23. bxc4 Rxc4 24. Qb3 d5 25. Rac1 Bf8 26. Kg2 Bd6 27. Qd3 Qc6 28. h4 h5 29. Re1 Ra8 30. a3 Re8 31. Qb3 Ra8 32. Qd3 Re8 33. Qb3 Ra8 34. Qd3 1/2-1/2

[Event "EU-Cup 32nd"]
[Site "Novi Sad"]
[Date "2016.11.10"]
[Round "5.6"]
[White "Stubberud, Ornulf A"]
[Black "Charmeteau, Sven"]
[Result "0-1"]
[WhiteElo "2281"]
[BlackElo "2305"]
[PlyCount "86"]
[EventDate "2016.11.06"]
[EventType "team-swiss"]
[EventRounds "7"]
[EventCountry "SRB"]
[SourceTitle "CBM 176"]
[Source "ChessBase"]
[SourceDate "2017.01.17"]
[SourceVersion "1"]
[SourceVersionDate "2017.01.17"]
[SourceQuality "1"]
[WhiteTeam "Oslo Schakselskap"]
[BlackTeam "Werder Bremen"]
[WhiteTeamCountry "NOR"]
[BlackTeamCountry "GER"]

1. e4 c5 2. Nf3 Nc6 3. d4 cxd4 4. Nxd4 e5 5. Nb5 d6 6. c4 Be7 7. N1c3 a6 8. Na3 Be6 9. Bd3 Bg5 10. 0-0 Bxc1 11. Rxc1 Nge7 12. Qd2 0-0 13. Rfd1 Rc8 14. Nc2 Ng6 15. Bf1 Nf4 16. g3 Qg5 17. f3 Qg6 18. Kh1 Nh5 19. Nd5 f5 20. exf5 Qxf5 21. Bg2 Qg6 22. b4 Kh8 23. b5 axb5 24. cxb5 Bxd5 25. Qxd5 Nb4 26. Nxb4 Rxc1 27. Rxc1 Nxg3+ 28. hxg3 Qh6+ 29. Kg1 Qxc1+ 30. Bf1 Qe1 31. Qxd6 Qxg3+ 32. Bg2 Qe1+ 33. Kh2 Qh4+ 34. Kg1 Rd8 35. Qxe5 Qxb4 36. f4 b6 37. Kh2 h6 38. Be4 Qe1 39. Qf5 Qh4+ 40. Kg2 Rd2+ 41. Kf3 Qf2+ 42. Kg4 Qg1+ 43. Kf3 Qg2+ 0-1

[Event "EU-Cup 32nd"]
[Site "Novi Sad"]
[Date "2016.11.09"]
[Round "4.5"]
[White "Stubberud, Ornulf A"]
[Black "Khmelniker, Ilya"]
[Result "0-1"]
[WhiteElo "2281"]
[BlackElo "2489"]
[PlyCount "76"]
[EventDate "2016.11.06"]
[EventType "team-swiss"]
[EventRounds "7"]
[EventCountry "SRB"]
[SourceTitle "CBM 176"]
[Source "ChessBase"]
[SourceDate "2017.01.17"]
[SourceVersion "1"]
[SourceVersionDate "2017.01.17"]
[SourceQuality "1"]
[WhiteTeam "Oslo Schakselskap"]
[BlackTeam "Beer Sheva"]
[WhiteTeamCountry "NOR"]
[BlackTeamCountry "ISR"]

1. c4 e5 2. g3 Nf6 3. Bg2 d5 4. cxd5 Nxd5 5. Nf3 Nc6 6. 0-0 Nb6 7. Nc3 Be7 8. a3 0-0 9. b4 Be6 10. Rb1 f6 11. d3 a5 12. b5 Nd4 13. e3 Nxf3+ 14. Bxf3 Qc8 15. Qe2 a4 16. Bb2 Rd8 17. Rfd1 Bb3 18. Rd2 Rb8 19. Bc1 c6 20. bxc6 bxc6 21. Qe1 Qa6 22. Bd1 Bxd1 23. Qxd1 Nd5 24. Rxb8 Rxb8 25. Nxd5 cxd5 26. Rb2 Rxb2 27. Bxb2 Qb5 28. Qc2 Kf7 29. e4 Qb3 30. Qc1 Qxd3 31. exd5 Qxd5 32. Qc2 Qb3 33. Qd2 Ke6 34. Qc1 Kd7 35. Qd2+ Kc6 36. Qc1+ Bc5 37. Kg2 Qd3 38. Bc3 Qc4 0-1

[Event "EU-Cup 32nd"]
[Site "Novi Sad"]
[Date "2016.11.06"]
[Round "1.6"]
[White "Bocharov, Dmitry"]
[Black "Stubberud, Ornulf A"]
[Result "1-0"]
[WhiteElo "2593"]
[BlackElo "2281"]
[PlyCount "61"]
[EventDate "2016.11.06"]
[EventType "team-swiss"]
[EventRounds "7"]
[EventCountry "SRB"]
[SourceTitle "CBM 176"]
[Source "ChessBase"]
[SourceDate "2017.01.17"]
[SourceVersion "1"]
[SourceVersionDate "2017.01.17"]
[SourceQuality "1"]
[WhiteTeam "Siberia"]
[BlackTeam "Oslo Schakselskap"]
[WhiteTeamCountry "RUS"]
[BlackTeamCountry "NOR"]

1. Nf3 Nf6 2. c4 g6 3. g3 Bg7 4. Bg2 d6 5. d4 0-0 6. 0-0 Nc6 7. Nc3 a6 8. d5 Na5 9. b3 c5 10. dxc6 Nxc6 11. Bb2 Qa5 12. Qc1 Bd7 13. Rd1 Rac8 14. Nd5 Nxd5 15. Rxd5 Bxb2 16. Qxb2 Qc7 17. Rc1 Nb4 18. Rdd1 a5 19. h4 Bg4 20. Nd4 Qb6 21. Qd2 Rc5 22. Nb5 Bd7 23. Nc3 Re8 24. Ne4 Rc7 25. Qh6 f6 26. a3 Nc6 27. Rxd6 Bf5 28. c5 Qxb3 29. Nxf6+ exf6 30. Bd5+ Qxd5 31. Rxd5 1-0

[Event "EU-Cup 31st"]
[Site "Skopje"]
[Date "2015.10.23"]
[Round "6.5"]
[White "Stubberud, Ornulf A"]
[Black "Hartl, Daniel"]
[Result "1/2-1/2"]
[WhiteElo "2278"]
[BlackElo "2261"]
[PlyCount "55"]
[EventDate "2015.10.18"]
[EventType "team-swiss"]
[EventRounds "7"]
[EventCountry "MKD"]
[SourceTitle "CBM 169"]
[Source "ChessBase"]
[SourceDate "2015.11.10"]
[SourceVersion "1"]
[SourceVersionDate "2015.11.10"]
[SourceQuality "1"]
[WhiteTeam "Oslo Schakselskap"]
[BlackTeam "Maria Saal"]
[WhiteTeamCountry "NOR"]
[BlackTeamCountry "AUT"]

1. d4 d5 2. Nc3 Nf6 3. Bg5 h6 4. Bh4 e6 5. Qd3 Be7 6. 0-0-0 Nbd7 7. Nf3 c5 8. dxc5 0-0 9. Rg1 Nxc5 10. Qd4 Nce4 11. Nxe4 Nxe4 12. Bxe7 Qxe7 13. g4 Qc5 14. Qxc5 Nxc5 15. e3 b6 16. Bd3 Bb7 17. h4 Nxd3+ 18. cxd3 f6 19. d4 Rac8+ 20. Kd2 Rc7 21. Rc1 Rfc8 22. Rxc7 Rxc7 23. g5 hxg5 24. hxg5 Kf7 25. Rh1 Kg6 26. Rg1 Kf7 27. Rh1 Kg6 28. Rg1 1/2-1/2

[Event "Paleochora op 8th"]
[Site "Paleochora"]
[Date "2015.07.19"]
[Round "4"]
[White "Patriarheas, Georgios"]
[Black "Stubberud, Ornulf A"]
[Result "0-1"]
[WhiteElo "1983"]
[BlackElo "2306"]
[PlyCount "80"]
[EventDate "2015.07.17"]
[EventType "swiss"]
[EventRounds "9"]
[EventCountry "GRE"]
[SourceTitle "CBM 167 Extra"]
[Source "ChessBase"]
[SourceDate "2015.09.14"]
[SourceVersion "1"]
[SourceVersionDate "2015.09.14"]
[SourceQuality "1"]

1. e4 c5 2. Nf3 e6 3. d4 cxd4 4. Nxd4 a6 5. Nc3 Qc7 6. a3 Nf6 7. Be2 d6 8. 0-0 Nbd7 9. f4 b5 10. Kh1 Bb7 11. Bf3 Be7 12. Qe2 Nb6 13. g4 Nfd7 14. Bd2 Nc4 15. Rab1 Nxd2 16. Qxd2 Nb6 17. Bg2 Rc8 18. Rf3 Nc4 19. Qe2 Qb6 20. Nb3 g6 21. Nd2 Bf6 22. f5 0-0 23. Nxc4 Rxc4 24. fxe6 fxe6 25. Rbf1 Qd4 26. g5 Bg7 27. Rxf8+ Bxf8 28. Qf3 Qg7 29. Bh3 Bc8 30. Qf6 Qe7 31. Kg2 Rc5 32. Rf3 Rxg5+ 33. Kf2 Qxf6 34. Rxf6 Re5 35. Kg3 Bg7 36. Rf2 Rc5 37. Rf3 Be5+ 38. Kg2 Kg7 39. Bg4 h5 40. Bh3 g5 0-1

[Event "NOR-ch"]
[Site "Oslo"]
[Date "2015.07.06"]
[Round "4"]
[White "Christiansen, Johan Sebastian"]
[Black "Stubberud, Ornulf A"]
[Result "1/2-1/2"]
[WhiteElo "2409"]
[BlackElo "2306"]
[PlyCount "170"]
[EventDate "2015.07.04"]
[EventType "swiss"]
[EventRounds "9"]
[EventCountry "NOR"]
[SourceTitle "CBM 167 Extra"]
[Source "ChessBase"]
[SourceDate "2015.09.14"]
[SourceVersion "1"]
[SourceVersionDate "2015.09.14"]
[SourceQuality "1"]

1. Nf3 Nf6 2. c4 g6 3. d4 Bg7 4. g3 0-0 5. Bg2 d6 6. 0-0 Nc6 7. Nc3 a6 8. d5 Na5 9. b3 c5 10. dxc6 Nxc6 11. Be3 Ng4 12. Bd2 Rb8 13. Rc1 Bd7 14. h3 Nf6 15. Ne1 b5 16. cxb5 axb5 17. Kh2 Nd4 18. e3 Ne6 19. Nd3 Qb6 20. Nb4 Rfe8 21. e4 Rbc8 22. Qe2 Nd4 23. Qd3 Qa5 24. Kh1 e5 25. Ne2 Nxe2 26. Qxe2 Qa3 27. Qd3 Bf8 28. Rxc8 Rxc8 29. f4 exf4 30. Rxf4 Nh5 31. Rf2 Qb2 32. g4 Ng7 33. Nd5 Ne8 34. Be3 Qa1+ 35. Kh2 Qe5+ 36. Bf4 Qe6 37. Bg3 Bg7 38. Nb6 Rc7 39. e5 dxe5 40. Nd5 Ra7 41. Qe3 Ra6 42. Nb4 Rd6 43. Qc5 Bf8 44. Qe3 Bg7 45. Qc5 Bf8 46. Qc3 Bg7 47. Re2 e4 48. Qe1 f5 49. Bxd6 Nxd6 50. Kh1 Be5 51. Qd2 Kg7 52. Qd5 Qe7 53. Nd3 Bg3 54. Qd4+ Qf6 55. Qxf6+ Kxf6 56. Nc5 Bc6 57. a4 bxa4 58. bxa4 Ke5 59. Rc2 Bd5 60. a5 f4 61. a6 f3 62. Nd7+ Ke6 63. Nb6 Nb5 64. Rc5 e3 65. Nxd5 e2 66. Rc6+ Kd7 67. Nf6+ Ke7 68. Nd5+ Kd8 69. Re6 fxg2+ 70. Kxg2 e1Q 71. Rxe1 Bxe1 72. g5 Bh4 73. Nc3 Nc7 74. Ne4 Nxa6 75. Kf3 Ke7 76. Kg4 Be1 77. h4 Kf7 78. h5 Bb4 79. Nf6 gxh5+ 80. Kxh5 Kg7 81. Ne8+ Kf8 82. Nf6 Kg7 83. Ne8+ Kf7 84. Nf6 Kg7 85. Ne8+ Kf8 1/2-1/2

[Event "NOR-ch"]
[Site "Oslo"]
[Date "2015.07.06"]
[Round "3"]
[White "Stubberud, Ornulf A"]
[Black "Fossan, Erik"]
[Result "1/2-1/2"]
[WhiteElo "2306"]
[BlackElo "2356"]
[PlyCount "54"]
[EventDate "2015.07.04"]
[EventType "swiss"]
[EventRounds "9"]
[EventCountry "NOR"]
[SourceTitle "CBM 167 Extra"]
[Source "ChessBase"]
[SourceDate "2015.09.14"]
[SourceVersion "1"]
[SourceVersionDate "2015.09.14"]
[SourceQuality "1"]

1. e4 d5 2. exd5 Nf6 3. d4 Bg4 4. f3 Bf5 5. c4 e6 6. Nc3 exd5 7. c5 Be7 8. Be3 0-0 9. Nge2 b6 10. b4 Nc6 11. Ng3 Be6 12. Qa4 Bd7 13. Bb5 Qe8 14. Kf2 bxc5 15. bxc5 a6 16. Be2 Na7 17. Qc2 Nb5 18. Rhe1 Be6 19. a4 Nxc3 20. Qxc3 Qc6 21. Qa5 Rfb8 22. Reb1 Bc8 23. Bd3 Nd7 24. Bf4 Bd8 25. Ne2 Nf8 26. Rxb8 Rxb8 27. Rb1 Rxb1 1/2-1/2

[Event "EU-Cup 30th"]
[Site "Bilbao"]
[Date "2014.09.17"]
[Round "4.3"]
[White "Stubberud, Ornulf A"]
[Black "Kovacs, Gabor H"]
[Result "1/2-1/2"]
[WhiteElo "2342"]
[BlackElo "2463"]
[PlyCount "83"]
[EventDate "2014.09.14"]
[EventType "team-swiss"]
[EventRounds "7"]
[EventCountry "ESP"]
[SourceTitle "CBM 163"]
[Source "ChessBase"]
[SourceDate "2014.11.11"]
[SourceVersion "1"]
[SourceVersionDate "2014.11.11"]
[SourceQuality "1"]
[WhiteTeam "Oslo Schakselskap"]
[BlackTeam "Szombathely"]
[WhiteTeamCountry "NOR"]
[BlackTeamCountry "HUN"]

1. e4 e5 2. Nf3 Nc6 3. Bb5 a6 4. Ba4 d6 5. c3 Bd7 6. 0-0 Nf6 7. Re1 Be7 8. d4 0-0 9. d5 Nb8 10. Bc2 c6 11. Nxe5 dxe5 12. d6 Be6 13. dxe7 Qxe7 14. Qe2 Nbd7 15. h3 Rfe8 16. Nd2 Nf8 17. Nf1 Ng6 18. Ng3 h6 19. Nf5 Qc7 20. Qf3 Bxf5 21. exf5 Nf8 22. g4 N8h7 23. h4 Nd5 24. g5 Nf4 25. Bxf4 exf4 26. Qg4 Kh8 27. Bb3 Re7 28. Kh1 Rae8 29. Rg1 g6 30. fxg6 fxg6 31. gxh6 Nf8 32. h5 Rh7 33. Qg5 Qe5 34. hxg6 Qxg5 35. Rxg5 Rxh6+ 36. Kg1 Nxg6 37. Bf7 Ne5 38. Bxe8 Nf3+ 39. Kg2 Nxg5 40. Rd1 Kg7 41. Bd7 a5 42. Bg4 1/2-1/2

[Event "NOR-chT 1314"]
[Site "Norway"]
[Date "2013.11.02"]
[Round "2.5"]
[White "Sagafos, Magne"]
[Black "Stubberud, Ornulf A"]
[Result "1-0"]
[WhiteElo "2408"]
[BlackElo "2340"]
[PlyCount "137"]
[EventDate "2013.11.01"]
[EventType "team-tourn"]
[EventRounds "9"]
[EventCountry "NOR"]
[SourceTitle "EXT 2014"]
[Source "ChessBase"]
[SourceDate "2013.11.20"]
[SourceVersion "1"]
[SourceVersionDate "2013.11.20"]
[SourceQuality "1"]
[WhiteTeam "Valerenga"]
[BlackTeam "OSS"]
[WhiteTeamCountry "NOR"]
[BlackTeamCountry "NOR"]

1. e4 c5 2. a3 e6 3. c3 Nf6 4. e5 Nd5 5. d4 cxd4 6. cxd4 d6 7. Nf3 Nd7 8. Bd3 Qc7 9. 0-0 dxe5 10. dxe5 Nc5 11. Bc2 Be7 12. Nbd2 b6 13. Ne4 Nxe4 14. Bxe4 Bb7 15. Qa4+ Bc6 16. Qc2 Rc8 17. Re1 h6 18. Bd2 Qd7 19. Nd4 Bb7 20. Qd3 Rd8 21. Rad1 Bc5 22. Nb3 Bf8 23. Qg3 Ne7 24. Bc2 Bd5 25. Bb4 g6 26. Nd4 Nf5 27. Bxf5 gxf5 28. Ne2 Bxb4 29. Qg7 Rf8 30. axb4 Qe7 31. Qxh6 Qxb4 32. Nf4 Bb3 33. Rxd8+ Kxd8 34. Re3 Kc7 35. h4 Rd8 36. Rc3+ Kb7 37. Qg5 Rd1+ 38. Kh2 Rd4 39. Nd3 Rxh4+ 40. Kg1 Qa4 41. Qe7+ Ka6 42. Rc7 Qa1+ 43. Nc1 Ra4 44. Qd7 Ka5 45. Rxa7+ Kb4 46. Qd2+ Kb5 47. Qd7+ Kb4 48. Rc7 Bc4 49. Rxc4+ Kxc4 50. b3+ Kc3 51. Qd3+ Kb2 52. Qd2+ Ka3 53. bxa4 Kxa4 54. f4 b5 55. Qc2+ Kb4 56. Kf2 Qd4+ 57. Ke2 Qd5 58. Nd3+ Ka5 59. Qc7+ Ka4 60. Qc2+ Ka5 61. Qd2+ Kb6 62. Qe3+ Kc7 63. Qc5+ Qxc5 64. Nxc5 Kc6 65. Nb3 b4 66. Kd3 Kb5 67. Kd4 Ka4 68. Kc4 Ka3 69. Nc5 1-0

[Event "EU-Cup 29th"]
[Site "Rhodes"]
[Date "2013.10.26"]
[Round "7.3"]
[White "Wenner, Tobias"]
[Black "Stubberud, Ornulf A"]
[Result "0-1"]
[WhiteElo "2147"]
[BlackElo "2327"]
[PlyCount "64"]
[EventDate "2013.10.20"]
[EventType "team-swiss"]
[EventRounds "7"]
[EventCountry "GRE"]
[SourceTitle "CBM 157"]
[Source "ChessBase"]
[SourceDate "2013.11.12"]
[SourceVersion "1"]
[SourceVersionDate "2013.11.12"]
[SourceQuality "1"]
[WhiteTeam "Eppingen"]
[BlackTeam "Oslo"]
[WhiteTeamCountry "GER"]
[BlackTeamCountry "NOR"]

1. Nf3 Nf6 2. c4 g6 3. d4 Bg7 4. Nc3 0-0 5. e4 d6 6. Be2 Nbd7 7. 0-0 e5 8. dxe5 dxe5 9. Be3 Ng4 10. Bg5 f6 11. Bd2 Nh6 12. Qc1 Nf7 13. Be3 c6 14. c5 Qe7 15. b4 a5 16. a3 axb4 17. axb4 Rxa1 18. Qxa1 f5 19. Qa7 f4 20. Bc1 g5 21. Nd2 Nf6 22. b5 Qd8 23. Rd1 g4 24. Nb3 Qe8 25. Na5 Ng5 26. Nxb7 Qh5 27. Nd6 Be6 28. Nf5 Bxf5 29. exf5 Nf3+ 30. gxf3 gxf3 31. Bc4+ Kh8 32. b6 Ng4 0-1

[Event "EU-Cup 29th"]
[Site "Rhodes"]
[Date "2013.10.25"]
[Round "6.2"]
[White "Ronchetti, Niccolo"]
[Black "Stubberud, Ornulf A"]
[Result "1-0"]
[WhiteElo "2450"]
[BlackElo "2327"]
[PlyCount "69"]
[EventDate "2013.10.20"]
[EventType "team-swiss"]
[EventRounds "7"]
[EventCountry "GRE"]
[SourceTitle "CBM 157"]
[Source "ChessBase"]
[SourceDate "2013.11.12"]
[SourceVersion "1"]
[SourceVersionDate "2013.11.12"]
[SourceQuality "1"]
[WhiteTeam "Bologna"]
[BlackTeam "Oslo"]
[WhiteTeamCountry "ITA"]
[BlackTeamCountry "NOR"]

1. e4 d6 2. d4 Nf6 3. Nc3 g6 4. f4 Bg7 5. Nf3 0-0 6. Bd3 Na6 7. 0-0 c5 8. d5 Bg4 9. Kh1 Nc7 10. Qe1 Bxf3 11. Rxf3 Nd7 12. Bd2 a6 13. a4 b6 14. Qe2 Qc8 15. Raf1 Rb8 16. Rh3 Rd8 17. Qg4 Nf6 18. Qh4 Qg4 19. Qf2 Qd7 20. e5 Nfxd5 21. Qh4 h6 22. e6 Qxe6 23. f5 Qf6 24. fxg6 Qxh4 25. gxf7+ Kf8 26. Rxh4 Nf6 27. Bg6 d5 28. Rxh6 Ng4 29. Rh3 Ne5 30. Bh5 Ne6 31. Ne2 Nc4 32. Bf4 Rb7 33. b3 Ne5 34. Bxe5 Bxe5 35. Re3 1-0

[Event "EU-Cup 29th"]
[Site "Rhodes"]
[Date "2013.10.22"]
[Round "3.3"]
[White "Stubberud, Ornulf A"]
[Black "Gnichtel, Gerd"]
[Result "1-0"]
[WhiteElo "2327"]
[BlackElo "2123"]
[PlyCount "75"]
[EventDate "2013.10.20"]
[EventType "team-swiss"]
[EventRounds "7"]
[EventCountry "GRE"]
[SourceTitle "CBM 157"]
[Source "ChessBase"]
[SourceDate "2013.11.12"]
[SourceVersion "1"]
[SourceVersionDate "2013.11.12"]
[SourceQuality "1"]
[WhiteTeam "Oslo"]
[BlackTeam "Echternach Sprenger"]
[WhiteTeamCountry "NOR"]
[BlackTeamCountry "LUX"]

1. d4 Nf6 2. Nc3 d5 3. Bg5 e6 4. e4 dxe4 5. Nxe4 Be7 6. Bxf6 Bxf6 7. Nf3 Bd7 8. Bd3 Bc6 9. c3 Nd7 10. Qe2 Qe7 11. Bb5 Bxe4 12. Qxe4 c6 13. Bc4 g6 14. Bb3 Bg7 15. Qe2 Bh6 16. h4 a5 17. a3 a4 18. Bc2 Ra5 19. Nd2 Nb6 20. 0-0-0 Rh5 21. g3 0-0 22. f4 Bg7 23. Ne4 Ra5 24. h5 Rd8 25. hxg6 hxg6 26. Rh3 Nd5 27. Rdh1 Nf6 28. Qh2 Kf8 29. Ng5 Ke8 30. Nf3 Kd7 31. Ne5+ Kc8 32. Qe2 Qc7 33. g4 Nd5 34. Rf3 Kb8 35. Rh7 Rg8 36. Qh2 Bxe5 37. fxe5 Qd8 38. Rh5 1-0

[Event "NOR-chT"]
[Site "Fagernes"]
[Date "2013.09.29"]
[Round "6.3"]
[White "Stubberud, Ornulf A"]
[Black "Byklum, Bjornar"]
[Result "1-0"]
[WhiteElo "2327"]
[BlackElo "2309"]
[PlyCount "81"]
[EventDate "2013.09.27"]
[EventType "team-swiss"]
[EventRounds "6"]
[EventCountry "NOR"]
[SourceTitle "CBM 156 Extra"]
[Source "ChessBase"]
[SourceDate "2013.10.22"]
[SourceVersion "1"]
[SourceVersionDate "2013.10.22"]
[SourceQuality "1"]
[WhiteTeam "OSS"]
[BlackTeam "SOSS"]
[WhiteTeamCountry "NOR"]
[BlackTeamCountry "NOR"]

1. e4 d6 2. d4 Nf6 3. Nc3 Nbd7 4. f3 e5 5. Be3 c6 6. Qd2 Be7 7. Nge2 b5 8. a3 Bb7 9. Ng3 g6 10. Be2 a5 11. 0-0 h5 12. Rae1 h4 13. Nh1 Kf8 14. Nf2 Kg7 15. Bd3 Qc7 16. Ncd1 Rae8 17. c3 Nh5 18. Nh3 Ndf6 19. Ndf2 Bc8 20. Rc1 Qb8 21. c4 b4 22. axb4 axb4 23. dxe5 dxe5 24. c5 Rd8 25. Rc4 Qa7 26. Rfc1 Nf4 27. Nxf4 exf4 28. Bd4 Rxd4 29. Rxd4 Bxc5 30. Rxc5 Qxc5 31. Qxb4 Qg5 32. Qd2 h3 33. Bf1 hxg2 34. Bxg2 Be6 35. Nd3 Bh3 36. Nxf4 Qc5 37. b4 Qa7 38. Bxh3 g5 39. Ne2 Kg6 40. Bf5+ Kh6 41. h4 1-0

[Event "NOR-chT"]
[Site "Fagernes"]
[Date "2013.09.28"]
[Round "2.2"]
[White "Stubberud, Ornulf A"]
[Black "Tangelder, Yonne"]
[Result "1-0"]
[WhiteElo "2327"]
[BlackElo "1804"]
[PlyCount "51"]
[EventDate "2013.09.27"]
[EventType "team-swiss"]
[EventRounds "6"]
[EventCountry "NOR"]
[SourceTitle "CBM 156 Extra"]
[Source "ChessBase"]
[SourceDate "2013.10.22"]
[SourceVersion "1"]
[SourceVersionDate "2013.10.22"]
[SourceQuality "1"]
[WhiteTeam "OSS"]
[BlackTeam "OSS"]
[WhiteTeamCountry "NOR"]
[BlackTeamCountry "NOR"]

1. d4 Nf6 2. Nc3 g6 3. e4 d6 4. f3 Bg7 5. Be3 0-0 6. Qd2 Re8 7. 0-0-0 c6 8. g4 b5 9. h4 h5 10. gxh5 Nxh5 11. Nce2 Nd7 12. Nh3 Nb6 13. b3 Bxh3 14. Bxh3 c5 15. Bg4 Nf6 16. h5 c4 17. hxg6 Nxg4 18. fxg4 fxg6 19. Bh6 Bf6 20. g5 Bh8 21. Nf4 Kf7 22. Qf2 Rg8 23. Nxg6+ Ke8 24. Ne5 Bxe5 25. dxe5 cxb3 26. e6 1-0

[Event "NOR-ch"]
[Site "Lillehammer"]
[Date "2013.07.01"]
[Round "4"]
[White "Stubberud, Ornulf A"]
[Black "Kvisla, Johannes Luangtep"]
[Result "1-0"]
[WhiteElo "2327"]
[BlackElo "2175"]
[PlyCount "109"]
[EventDate "2013.06.29"]
[EventType "swiss"]
[EventRounds "9"]
[EventCountry "NOR"]
[SourceTitle "CBM 155 Extra"]
[Source "ChessBase"]
[SourceDate "2013.08.26"]
[SourceVersion "1"]
[SourceVersionDate "2013.08.26"]
[SourceQuality "1"]

1. e4 e5 2. Nf3 Nc6 3. Bb5 a6 4. Ba4 Nf6 5. 0-0 Be7 6. Re1 b5 7. Bb3 0-0 8. h3 d6 9. c3 a5 10. d4 a4 11. Bc2 Bd7 12. Nbd2 Re8 13. Nf1 h6 14. Ng3 Bf8 15. Nh2 g6 16. f4 exd4 17. cxd4 Nb4 18. Bb1 c5 19. d5 Bg7 20. a3 Na6 21. Nf3 Nc7 22. Bd2 Qb8 23. Bc2 Qb7 24. Kh2 Rf8 25. Bc3 Rae8 26. Qd2 Nh7 27. Bxg7 Kxg7 28. Rad1 Nf6 29. f5 b4 30. fxg6 fxg6 31. e5 dxe5 32. Nxe5 Ncxd5 33. Nxg6 Rxe1 34. Rxe1 Rf7 35. Ne5 Re7 36. Nxd7 Rxd7 37. Nf5+ Kh8 38. Qxh6+ Rh7 39. Re8+ Ng8 40. Qe6 Qc7+ 41. Kg1 Qf7 42. Qxf7 Rxf7 43. Nh6 Rg7 44. axb4 Ndf6 45. Rb8 Nd7 46. Rd8 cxb4 47. Bxa4 Nc5 48. Bc2 Ne6 49. Rb8 Nf4 50. Be4 Nxh3+ 51. Kh2 Nf4 52. Rf8 Ne6 53. Nf7+ Rxf7 54. Rxf7 Ng5 55. Rf4 1-0

[Event "NOR-ch"]
[Site "Lillehammer"]
[Date "2013.06.30"]
[Round "2"]
[White "Stubberud, Ornulf A"]
[Black "Johannessen, Leif Erlend"]
[Result "0-1"]
[WhiteElo "2327"]
[BlackElo "2520"]
[PlyCount "86"]
[EventDate "2013.06.29"]
[EventType "swiss"]
[EventRounds "9"]
[EventCountry "NOR"]
[SourceTitle "CBM 155 Extra"]
[Source "ChessBase"]
[SourceDate "2013.08.26"]
[SourceVersion "1"]
[SourceVersionDate "2013.08.26"]
[SourceQuality "1"]

1. e4 e5 2. Nf3 Nc6 3. Bb5 a6 4. Ba4 Nf6 5. 0-0 Be7 6. Re1 b5 7. Bb3 d6 8. c3 0-0 9. h3 Nb8 10. d4 Nbd7 11. Nbd2 Bb7 12. Bc2 Re8 13. Nf1 Bf8 14. Ng3 g6 15. b3 Bg7 16. Bb2 c6 17. Qd2 Qc7 18. Rad1 Rad8 19. Qc1 Nf8 20. Bb1 Ne6 21. dxe5 dxe5 22. c4 Nd7 23. Nf1 b4 24. Ne3 h5 25. Bc2 Ndc5 26. Qa1 Nd4 27. Nxd4 exd4 28. Nf1 Ne6 29. Bd3 c5 30. Nd2 Nf4 31. Bf1 h4 32. Qb1 Qe5 33. Bc1 Qh5 34. a3 a5 35. a4 f5 36. f3 Qg5 37. exf5 Nxh3+ 38. Kh1 Nf2+ 39. Kg1 Nh3+ 40. Kh1 Nf2+ 41. Kg1 Qg3 42. Ne4 Bxe4 43. fxe4 Be5 0-1

[Event "NOR-chT 1213"]
[Site "Norway"]
[Date "2012.11.04"]
[Round "3"]
[White "Stubberud, Ornulf A"]
[Black "Hobber, Anders"]
[Result "1/2-1/2"]
[WhiteElo "2322"]
[BlackElo "2244"]
[PlyCount "83"]
[EventDate "2012.11.02"]
[EventType "team-tourn"]
[EventRounds "9"]
[EventCountry "NOR"]
[SourceTitle "EXT 2013"]
[Source "ChessBase"]
[SourceDate "2012.11.22"]
[SourceVersion "1"]
[SourceVersionDate "2012.11.22"]
[SourceQuality "1"]
[WhiteTeam "OSS"]
[BlackTeam "Moss"]
[WhiteTeamCountry "NOR"]
[BlackTeamCountry "NOR"]

1. e4 e6 2. d4 d5 3. Nd2 Nf6 4. e5 Nfd7 5. Bd3 c5 6. c3 Nc6 7. Ne2 cxd4 8. cxd4 f6 9. exf6 Nxf6 10. Nf3 Bd6 11. 0-0 0-0 12. Bf4 Bxf4 13. Nxf4 Ne4 14. Qc1 Ng5 15. Nxg5 Qxg5 16. Ne2 Qf6 17. Qe3 Bd7 18. Bb5 Nb8 19. Nc3 Bxb5 20. Nxb5 Qe7 21. Rfe1 Rf6 22. Nc3 Qd6 23. Na4 Nc6 24. Nc5 b6 25. Nd3 Nb4 26. Re2 Nxd3 27. Qxd3 Rc8 28. Rae1 Rc6 29. a3 Qc7 30. g3 Qc8 31. f4 g6 32. Re5 Rc2 33. R1e2 Rxb2 34. Rxb2 Qc1+ 35. Kg2 Qxb2+ 36. Re2 Qc1 37. Rc2 Qe1 38. Rc8+ Rf8 39. Rc7 Rf7 40. Rc8+ Rf8 41. Rc7 Rf7 42. Rc8+ 1/2-1/2

[Event "NOR-chT 1213"]
[Site "Norway"]
[Date "2012.11.02"]
[Round "4"]
[White "Flaata, Alexander R"]
[Black "Stubberud, Ornulf A"]
[Result "0-1"]
[WhiteElo "2099"]
[BlackElo "2322"]
[PlyCount "74"]
[EventDate "2012.11.02"]
[EventType "team-tourn"]
[EventRounds "9"]
[EventCountry "NOR"]
[SourceTitle "EXT 2014"]
[Source "ChessBase"]
[SourceDate "2013.11.20"]
[SourceVersion "1"]
[SourceVersionDate "2013.11.20"]
[SourceQuality "1"]
[WhiteTeam "Black Knights"]
[BlackTeam "OSS"]
[WhiteTeamCountry "NOR"]
[BlackTeamCountry "NOR"]

1. e4 d6 2. d4 Nf6 3. Nc3 g6 4. Be3 c6 5. h3 Nbd7 6. f4 e5 7. Nf3 Qa5 8. Qd2 Bg7 9. dxe5 dxe5 10. f5 0-0 11. g4 b5 12. Bd3 Rd8 13. 0-0 b4 14. Ne2 Nc5 15. a3 Nxd3 16. cxd3 Nxe4 17. Qc2 Nd6 18. axb4 Qxb4 19. Bc5 Qb5 20. fxg6 hxg6 21. Ng5 Bh6 22. Nf3 Nb7 23. Bxa7 Rxa7 24. Rxa7 Be3+ 25. Kg2 Bxa7 26. Ng5 Qxd3 27. Qxd3 Rxd3 28. Rxf7 Be3 29. Rc7 Bxg5 30. Rxc8+ Nd8 31. b4 Rb3 32. Ng1 e4 33. Rb8 Be7 34. Ne2 Rxb4 35. Ra8 Kf7 36. Ra7 Rb2 37. Kf2 Nb7 0-1